000 00334cam a2200145ua 4500
041 _aeng
_h
082 _a823.308
_bWEL/TI
100 _aWells, H G .
245 _aTime machine /
_cH G Wells.
_hTextual Documents
260 _aLondon :
_bLongman ,
_c1963.
300 _a124 ; .
504 _a
942 _cBK
999 _c12662
_d12662